Teoría y práctica de la participación juvenil y el cambio comunitario
Salvato in:
| Autori principali: | , |
|---|---|
| Natura: | Libro |
| Lingua: | spagnolo |
| Pubblicazione: |
Barcelona
Grao
2009
|
| Edizione: | 1a. ed |
| Soggetti: | |
| Tags: |
Aggiungi Tag
Nessun Tag, puoi essere il primo ad aggiungerne!!
|
MARC
| LEADER | 00000nam a2200000 a 4500 | ||
|---|---|---|---|
| 001 | UCH4432 | ||
| 003 | CL-VaPUC | ||
| 008 | 090820e20090000SP |||||||||||||||||spa|d | ||
| 020 | |a 9788478276875 | ||
| 082 | 0 | 4 | |a 302.14 |b CHE |2 21 |
| 100 | 0 | |a Checkoway, Barry N |e author |9 539959 | |
| 700 | 0 | |a Gutiérrez, Lorraine M |e author |9 539960 | |
| 245 | 1 | 0 | |a Teoría y práctica de la participación juvenil y el cambio comunitario |
| 250 | |a 1a. ed | ||
| 300 | |a Acción Comunitaria, 9 | ||
| 942 | |c BK | ||
| 945 | |d 20090820 00:00:00 |a rbrito | ||
| 260 | |a Barcelona |b Grao |c 2009 | ||
| 650 | 0 | |a Participación social |9 256140 | |
| 650 | 0 | |a Juventud |9 271073 | |
| 650 | 0 | |a Adolescencia |9 307361 | |
| 650 | 0 | |a Cambio social |9 256857 | |
| 650 | 0 | |a Liderazgo |9 271835 | |
| 583 | |a last modification |c 20090820 00:00:00 |k Rodrigo Vera | ||
| 999 | |c 335756 |d 335754 | ||
| 952 | |0 0 |1 0 |4 0 |6 302_140000000000000_CHE_2009 |7 0 |8 A |9 426418 |a BIBEDU |b BIBEDU |d 2019-11-22 |i 4589734 |o 302.14 CHE 2009 |p 4589734 |r 2019-11-22 |w 2019-11-22 |y BK |k PSI | ||
| 952 | |0 0 |1 0 |4 0 |6 302_140000000000000_CHE_2009 |7 0 |8 A |9 426419 |a BIBEDU |b BIBEDU |d 2019-11-22 |i 4666313 |o 302.14 CHE 2009 |p 4666313 |r 2019-11-22 |w 2019-11-22 |y BK |k PSI | ||